European focus (Record no. 106364)
[ view plain ]
| 000 -LEADER | |
|---|---|
| fixed length control field | 00896cam a2200193 4500 |
| 001 - CONTROL NUMBER | |
| control field | L136340 |
| 008 - FIXED-LENGTH DATA ELEMENTS--GENERAL INFORMATION | |
| fixed length control field | 070125n2005 000 0 eng u |
| 035 ## - SYSTEM CONTROL NUMBER | |
| System control number | (Sirsi) u136340 |
| 041 0# - LANGUAGE CODE | |
| Language code of text/sound track or separate title | eng |
| 110 2# - MAIN ENTRY--CORPORATE NAME | |
| Corporate name or jurisdiction name as entry element | EC Harris |
| 9 (RLIN) | 4930 |
| 245 00 - TITLE STATEMENT | |
| Title | European focus |
| Remainder of title | on hotels |
| Medium | [electronic resource] |
| 260 ## - PUBLICATION, DISTRIBUTION, ETC. | |
| Place of publication, distribution, etc. | London |
| Name of publisher, distributor, etc. | EC Harris |
| Date of publication, distribution, etc. | 2005 |
| 520 ## - SUMMARY, ETC. | |
| Summary, etc. | Discusses how hotels need to market innovative products and design improvements delivered at competitive cost and appropriate levels of quality so as to create competitive advantage. Discusses the need for strategic benchmark information that will support hotel funders, developers and operators to optimise their investment decisions. |
| 590 ## - LOCAL NOTE (RLIN) | |
| Local note | KA |
| 651 #4 - SUBJECT ADDED ENTRY--GEOGRAPHIC NAME | |
| Geographic name | EUROPEAN UNION |
| 690 ## - LOCAL SUBJECT ADDED ENTRY--TOPICAL TERM (OCLC, RLIN) | |
| Topical term or geographic name as entry element | PROPERTY-COMMERCIAL PROPERTY-LEISURE PROPERTY |
| 856 40 - ELECTRONIC LOCATION AND ACCESS | |
| Uniform Resource Identifier | <a href="https://www.echarris.com/">https://www.echarris.com/</a> |
| Public note | View the item free of charge at www.echarris.com... |
| 942 ## - ADDED ENTRY ELEMENTS (KOHA) | |
| Suppress in OPAC | 0 |
| Withdrawn status | Lost status | Source of classification or shelving scheme | Damaged status | Not for loan | Home library | Current library | Shelving location | Date acquired | Total Checkouts | Full call number | Barcode | Date last seen | Copy number | Price effective from | Koha item type |
|---|---|---|---|---|---|---|---|---|---|---|---|---|---|---|---|
| Dewey Decimal Classification | Virtual | Virtual | Online | 25/01/2007 | ONLINE PUBLICATION | 136340-2001 | 06/08/2019 | 1 | 06/08/2019 | Book |